Central Library OPAC University of Rajshahi

College zoology / (Record no. 66830)

MARC details
000 -LEADER
fixed length control field 00841nam a2200253 a 4500
001 - CONTROL NUMBER
control field 66830
003 - CONTROL NUMBER IDENTIFIER
rucl marc code BD-RjUL
005 - DATE AND TIME OF LATEST TRANSACTION
control field 20211209081601.0
008 - FIXED-LENGTH DATA ELEMENTS--GENERAL INFORMATION
fixed length control field 170320s1959 nyua b 001 0 eng d
035 ## - SYSTEM CONTROL NUMBER
System control number (BD-RjUL)66961
040 ## - CATALOGING SOURCE
Original cataloging agency DLC
Transcribing agency DLC
Modifying agency DLC
-- BD-RjUL
Language of cataloging eng
041 ## - LANGUAGE CODE
Language code of text/sound track or separate title eng
082 00 - DEWEY DECIMAL CLASSIFICATION NUMBER
Classification number 590
Edition number 23
Author mark and year HEC 1959
100 1# - MAIN ENTRY--PERSONAL NAME
Personal name Hegner, Robert William,
Dates associated with a name 1880-1942.
9 (RLIN) 197880
245 10 - TITLE STATEMENT
Title College zoology /
Statement of responsibility, etc. Robert W. Hegner and Karl A. Stiles.
250 ## - EDITION STATEMENT
Edition statement 7th ed.
260 ## - PUBLICATION, DISTRIBUTION, ETC. (IMPRINT)
Place of publication, distribution, etc. New York :
Name of publisher, distributor, etc. Macmillan,
Date of publication, distribution, etc. 1959
300 ## - PHYSICAL DESCRIPTION
Pagination x, 726 p. :
Illustrations ill. ;
Size 27 cm.
500 ## - GENERAL NOTE
General note Eighth ed. by K. A. Stiles, R. W. Hegner, and R. A. Boolootian; 9th ed. by R. A. Boolootian and K. A. Stiles.
504 ## - BIBLIOGRAPHY, ETC. NOTE
Bibliography, etc Includes bibliography.
650 #0 - SUBJECT ADDED ENTRY--TOPICAL TERM
Topical term or geographic name as entry element Zoology.
9 (RLIN) 197884
700 1# - ADDED ENTRY--PERSONAL NAME
Personal name Stiles, Karl Amos,
Dates associated with a name 1897-1968,
Relator term joint author.
942 ## - ADDED ENTRY ELEMENTS (KOHA)
Source of classification or shelving scheme Dewey Decimal Classification
Koha item type Books
Holdings
Lost status Source of classification or shelving scheme Damaged status Not for loan Collection code Permanent Location Current Location Shelving location Date acquired Source of acquisition Cost, normal purchase price Total Checkouts Full call number Date last seen Copy number Koha item type
  Dewey Decimal Classification   Not For Loan Non-fiction Central Library, University of Rajshahi Central Library, University of Rajshahi Reading Room 09/12/2021 Euro Pakistan News Agency 33.24   590 HEC 1959 20/03/2017 C-1 Books
  Dewey Decimal Classification     Non-fiction Central Library, University of Rajshahi Central Library, University of Rajshahi   20/11/1967 Zeetlinger 68.00   590 HEC 1959 29/04/2017 C-2 Books
  Dewey Decimal Classification     Non-fiction Central Library, University of Rajshahi Central Library, University of Rajshahi   20/11/1967 zeitlinger 68.00   590 HEC 1959 27/02/2019 C-3 Books